SANCTI FRANCISCI XAVERII E SOCIETATE JESU, INDIARUM APOSTOLI EPISTOLAE : Veteres per quinque, & novae per septem Libros distinctae, ex ipsismet authographis manu S. XAVERII Hispanico vel Lusitanico idiomatae conscriptis, à P. Horatio Tursellino, & P. Petro Possino, ejusdem Societatis Sacerdotibus latinitate ac luce donatae, postea nova cum archetypis in Indiis, aliisque terrae partibus facta collatione accuratiùs emendatae. PARS II., Continens Libros IV. & V. EPISTOLARUM VETERUM

Hlavní autor: František Xaverský, svatý, 1506-1552
Další autoři: Torsellini, Orazio, 1544-1599, Poussines, Pierre, 1609-1686
Jazyk: Latina
Vydáno: Wratislaviae : Typis Academici Collegii Societatis JESU, 1734
Témata:
Fyzický popis: 4 nečíslované strany, 180 stran ; 12°
Knihy
Uloženo v:
LEADER 03029nam a2200625 i 4500
001 mzk03001274410
003 CZ BrMZK
005 20200902105447.0
007 ta
008 200902s1734 pl fr|||||00| ||latod
040 |a BOA001  |b cze  |e rda 
043 |a a------ 
072 7 |a 27-78  |x Křesťanská sdružení, spolky a organizace. Řeholní řády  |2 Konspekt  |9 5 
072 7 |a 094  |x Staré tisky  |2 Konspekt  |9 12 
080 |a 27-789.5  |2 MRF 
080 |a 27-36  |2 MRF 
080 |a 82-6  |2 MRF 
080 |a 025.171  |2 MRF 
080 |a (5)  |2 MRF 
080 |a (0.068)094  |2 MRF 
100 0 |a František Xaverský,  |c svatý,  |d 1506-1552  |7 xx0005803  |4 aut 
245 1 0 |a SANCTI FRANCISCI XAVERII E SOCIETATE JESU, INDIARUM APOSTOLI EPISTOLAE :  |b Veteres per quinque, & novae per septem Libros distinctae, ex ipsismet authographis manu S. XAVERII Hispanico vel Lusitanico idiomatae conscriptis, à P. Horatio Tursellino, & P. Petro Possino, ejusdem Societatis Sacerdotibus latinitate ac luce donatae, postea nova cum archetypis in Indiis, aliisque terrae partibus facta collatione accuratiùs emendatae.  |n PARS II.,  |p Continens Libros IV. & V. EPISTOLARUM VETERUM 
246 3 0 |a Continens Libros IV. & V. EPISTOLARUM VETERUM 
264 1 |a Wratislaviae :  |b Typis Academici Collegii Societatis JESU,  |c 1734 
300 |a 4 nečíslované strany, 180 stran ;  |c 12° 
336 |a text  |b txt  |2 rdacontent 
337 |a bez média  |b n  |2 rdamedia 
338 |a svazek  |b nc  |2 rdacarrier 
500 |a Rozsah: [4], 180 s. 
500 |a Výzdoba: Na titulním listu nad impresem ozdobná linka, typografické ozdůbky, vlysy, viněta 
561 |a Provenience: [m.p.] Monasterii Braunensis O. S. B 
561 |a Provenience: [m.p.] P: Leonis 
561 |a Provenience: [razítko] S.A.B. BRAUNAU 
561 |a Provenience: [razítko] Státní vědecká knihovna Hradec Králové 4468 
563 |a Původní usňová vazba, dřevěné desky potažené hovězinou se slepotiskovým rámcem, ořízka stříkaná červeně a hnědě, hřbet zdobený slepotiskovými linkami a slepotiskovými florálními motivy 
590 |a Na zadní knižní desce výletové otvory - hmyz 
650 7 |a jezuité  |x korespondence  |z Asie  |7 ph121349  |2 czenas 
650 7 |a křesťanští světci  |7 ph115082  |2 czenas 
650 7 |a soukromá korespondence  |7 ph180950  |2 czenas 
650 7 |a historické knihovní fondy  |7 ph172933  |2 czenas 
651 7 |a Asie  |7 ge131486  |2 czenas 
655 7 |a staré tisky  |7 fd422076  |2 czenas 
700 1 |a Torsellini, Orazio,  |d 1544-1599  |7 mzk2004250951  |4 aut 
700 1 |a Poussines, Pierre,  |d 1609-1686  |7 mzk2009511564  |4 aut 
903 |a RP 
910 |a NAG950  |b B - II. G. aa. 62,1 
978 |b Tiskárna jezuitská  |a Wrocław  |c 1734 
981 0 |a P. Leon 
982 0 |a Broumov - benediktinský klášter 
982 0 |a Hradec Králové - SVK 
984 |a Vratislav  |b Polsko 
985 |a 1701-1750 
990 |a BK 
991 |k broumov 
980 |c 003971  |g B - II. G. aa. 62,1  |1 458950003971  |p II. G. 2; II. G. 18; II. G. bb. 18